[Event "IBCA-ol blind 15th"]
[Site "Ohrid"]
[Date "2017.06.27"]
[Round "8.2"]
[White "Badano, Giancarlo"]
[Black "Hilton, Stephen H"]
[Result "0-1"]
[WhiteElo "1857"]
[BlackElo "1860"]
[PlyCount "100"]
[EventDate "2017.06.19"]
[EventType "team-swiss"]
[EventRounds "9"]
[EventCountry "MKD"]
[SourceTitle "CBM 179 Extra"]
[Source "ChessBase"]
[SourceDate "2017.08.23"]
[SourceVersion "1"]
[SourceVersionDate "2017.08.23"]
[SourceQuality "1"]
[WhiteTeam "Italy"]
[BlackTeam "England"]
[WhiteTeamCountry "ITA"]
[BlackTeamCountry "ENG"]

1. e4 c5 2. Nc3 Nc6 3. g3 g6 4. Bg2 Bg7 5. f4 d6 6. h3 Nf6 7. Nf3 0-0 8. 0-0 Rb8 9. a4 Bd7 10. d3 Qc8 11. Kh2 a6 12. g4 b5 13. axb5 axb5 14. e5 Ne8 15. Qe2 dxe5 16. Nxe5 Nxe5 17. fxe5 Nc7 18. Nd5 Nxd5 19. Bxd5 e6 20. Bg2 Bc6 21. Bg5 Bxg2 22. Kxg2 Qc6+ 23. Kg3 Rfc8 24. Bf6 Bf8 25. Qf3 Qd7 26. Ra6 c4 27. Rfa1 cxd3 28. Qxd3 Qc7 29. c3 Bc5 30. Qd2 Bf8 31. Qd3 Bc5 32. Qf3 b4 33. Ra8 bxc3 34. bxc3 Bf8 35. Rxb8 Rxb8 36. Kh4 Rb3 37. Rc1 Qc5 38. Rc2 Qc8 39. Qe3 Bc5 40. Qe2 Bf8 41. c4 Qc5 42. Qg2 Qe3 43. Bg5 Qxe5 44. Rf2 h6 45. Bf6 Qc7 46. Rc2 Bg7 47. Rf2 Bxf6+ 48. Rxf6 Qe5 49. Rf3 g5+ 50. Kh5 Qg7 0-1

[Event "IBCA-ol blind 15th"]
[Site "Ohrid"]
[Date "2017.06.26"]
[Round "7.2"]
[White "Mlacnik, Janez"]
[Black "Hilton, Stephen H"]
[Result "0-1"]
[WhiteElo "1795"]
[BlackElo "1860"]
[PlyCount "68"]
[EventDate "2017.06.19"]
[EventType "team-swiss"]
[EventRounds "9"]
[EventCountry "MKD"]
[SourceTitle "CBM 179 Extra"]
[Source "ChessBase"]
[SourceDate "2017.08.23"]
[SourceVersion "1"]
[SourceVersionDate "2017.08.23"]
[SourceQuality "1"]
[WhiteTeam "Slovenia"]
[BlackTeam "England"]
[WhiteTeamCountry "SLO"]
[BlackTeamCountry "ENG"]

1. e4 e6 2. d4 d5 3. e5 Qd7 4. Bd3 b6 5. Qe2 a5 6. Nf3 Ba6 7. c4 dxc4 8. Bxc4 Bxc4 9. Qxc4 Qc6 10. Nbd2 Bb4 11. Qd3 Ne7 12. a3 Bxd2+ 13. Bxd2 Qd5 14. Rc1 Nbc6 15. 0-0 Rd8 16. Be3 Ng6 17. Qc2 Nge7 18. Rfd1 h6 19. Nd2 0-0 20. Ne4 Rd7 21. b3 Qb5 22. Nc3 Qa6 23. Qe4 Rfd8 24. Qg4 Nf5 25. Ne2 Nxe5 26. Qe4 Ng6 27. Ng3 Nxg3 28. hxg3 c5 29. Qg4 cxd4 30. Rxd4 Rxd4 31. Bxd4 Qb5 32. Be3 Qxb3 33. Rc7 Rd1+ 34. Kh2 Qb1 0-1

[Event "IBCA-ol blind 15th"]
[Site "Ohrid"]
[Date "2017.06.22"]
[Round "4.2"]
[White "Hilton, Stephen H"]
[Black "Capanov, Mile"]
[Result "1-0"]
[WhiteElo "1860"]
[BlackElo "1993"]
[PlyCount "59"]
[EventDate "2017.06.19"]
[EventType "team-swiss"]
[EventRounds "9"]
[EventCountry "MKD"]
[SourceTitle "CBM 179 Extra"]
[Source "ChessBase"]
[SourceDate "2017.08.23"]
[SourceVersion "1"]
[SourceVersionDate "2017.08.23"]
[SourceQuality "1"]
[WhiteTeam "England"]
[BlackTeam "Macedonia"]
[WhiteTeamCountry "ENG"]
[BlackTeamCountry "MKD"]

1. d4 d5 2. Bf4 Nf6 3. e3 c5 4. c3 e6 5. Bd3 Be7 6. Nd2 Qb6 7. Rb1 0-0 8. Ngf3 Nbd7 9. Ne5 Re8 10. h4 Nxe5 11. dxe5 Nd7 12. Qf3 f6 13. Qh5 Kf8 14. Qxh7 fxe5 15. Bg6 Nf6 16. Qh8+ Ng8 17. Bxe5 Bf6 18. Bxf6 gxf6 19. Bxe8 e5 20. h5 Bf5 21. Bg6 Bxb1 22. Nxb1 Qxb2 23. 0-0 Ke7 24. Qg7+ Kd6 25. h6 Nxh6 26. Qxh6 Qxa2 27. Bf5 Qc4 28. Qxf6+ Kc7 29. Qxe5+ Kb6 30. Nd2 1-0

[Event "IBCA EU-chT blind 01st"]
[Site "Warsaw"]
[Date "2016.08.01"]
[Round "9.1"]
[White "Babarykin, Stanislav"]
[Black "Hilton, Stephen H"]
[Result "1-0"]
[WhiteElo "2372"]
[BlackElo "1894"]
[PlyCount "41"]
[EventDate "2016.07.24"]
[EventType "team-swiss"]
[EventRounds "9"]
[EventCountry "POL"]
[SourceTitle "CBM 173 Extra"]
[Source "ChessBase"]
[SourceDate "2016.08.29"]
[SourceVersion "1"]
[SourceVersionDate "2016.08.29"]
[SourceQuality "1"]
[WhiteTeam "Russia"]
[BlackTeam "Great Britain"]
[WhiteTeamCountry "RUS"]
[BlackTeamCountry "GBR"]

1. e4 c5 2. Nf3 a6 3. c3 d5 4. exd5 Qxd5 5. d4 e6 6. Be3 cxd4 7. cxd4 Nf6 8. Nc3 Qd6 9. Bd3 Be7 10. 0-0 Nbd7 11. Ng5 b5 12. Qf3 Qb8 13. Be4 Ra7 14. d5 Ne5 15. Qg3 Nxe4 16. Ngxe4 Rb7 17. d6 Bxd6 18. Nxd6+ Qxd6 19. Ne4 Qb8 20. Qxg7 Ng6 21. Rfd1 1-0

[Event "IBCA EU-chT blind 01st"]
[Site "Warsaw"]
[Date "2016.07.28"]
[Round "5.1"]
[White "Cajzler, Hinko"]
[Black "Hilton, Stephen H"]
[Result "1-0"]
[WhiteElo "2099"]
[BlackElo "1894"]
[PlyCount "101"]
[EventDate "2016.07.24"]
[EventType "team-swiss"]
[EventRounds "9"]
[EventCountry "POL"]
[SourceTitle "CBM 173 Extra"]
[Source "ChessBase"]
[SourceDate "2016.08.29"]
[SourceVersion "1"]
[SourceVersionDate "2016.08.29"]
[SourceQuality "1"]
[WhiteTeam "Croatia"]
[BlackTeam "Great Britain"]
[WhiteTeamCountry "CRO"]
[BlackTeamCountry "GBR"]

1. e4 c5 2. Nf3 d6 3. d4 cxd4 4. Nxd4 Nf6 5. Nc3 a6 6. g3 e5 7. Nb3 Be7 8. Bg2 0-0 9. h3 Be6 10. 0-0 Nbd7 11. Be3 Nb6 12. Nd5 Nfxd5 13. exd5 Bf5 14. Qe2 Rc8 15. c3 Nc4 16. Bc1 Bd7 17. Re1 f5 18. Nd2 Nxd2 19. Bxd2 f4 20. gxf4 Bh4 21. b3 exf4 22. Qf3 g5 23. Re6 Bxe6 24. dxe6 Qb6 25. Rf1 Rc7 26. c4 Re7 27. Qg4 Qd4 28. Bc1 Rf6 29. Bd5 Rg6 30. Ba3 Qb6 31. Bb2 Qb4 32. Rd1 a5 33. Kg2 a4 34. Rd3 axb3 35. axb3 Qe1 36. Rf3 Qa5 37. Bd4 Kf8 38. Qf5+ Kg8 39. Bf6 Qc7 40. Bxe7 Qxe7 41. Qf7+ Qxf7 42. exf7+ Kg7 43. b4 h5 44. Ra3 g4 45. Ra8 f3+ 46. Kf1 Be7 47. Rg8+ Kh6 48. f8Q+ Bxf8 49. Rxf8 b6 50. hxg4 hxg4 51. Rg8 1-0

[Event "IBCA EU-ch blind 06th"]
[Site "Lyon"]
[Date "2015.07.31"]
[Round "7"]
[White "Murgia, Stefano"]
[Black "Hilton, Stephen H"]
[Result "0-1"]
[WhiteElo "1705"]
[BlackElo "1880"]
[PlyCount "64"]
[EventDate "2015.07.25"]
[EventType "swiss"]
[EventRounds "9"]
[EventCountry "FRA"]
[SourceTitle "CBM 167 Extra"]
[Source "ChessBase"]
[SourceDate "2015.09.14"]
[SourceVersion "1"]
[SourceVersionDate "2015.09.14"]
[SourceQuality "1"]

1. e4 e6 2. d4 d5 3. Nc3 dxe4 4. Nxe4 Bd7 5. Nf3 Bc6 6. Bd3 Nd7 7. 0-0 Ngf6 8. Ned2 Bd6 9. c4 b6 10. Ng5 h6 11. Nge4 Nxe4 12. Nxe4 Bxe4 13. Bxe4 Bxh2+ 14. Kxh2 Qh4+ 15. Kg1 Qxe4 16. Re1 Qb7 17. d5 0-0-0 18. dxe6 Nc5 19. Qg4 Nxe6 20. Be3 Kb8 21. b4 h5 22. Qh3 g5 23. Red1 Rxd1+ 24. Rxd1 Qa6 25. c5 Qxa2 26. cxb6 axb6 27. Rd7 Qb1+ 28. Kh2 Qxb4 29. Rxf7 Qd6+ 30. Kg1 g4 31. Qh4 Nd4 32. Kh1 Ne2 0-1

[Event "WchT Seniors 50"]
[Site "Vilnius"]
[Date "2014.07.18"]
[Round "6.6"]
[White "Hilton, Stephen H"]
[Black "Henrichsen, Erland"]
[Result "0-1"]
[WhiteElo "1921"]
[BlackElo "1980"]
[PlyCount "128"]
[EventDate "2014.07.13"]
[EventType "team-swiss"]
[EventRounds "9"]
[EventCountry "LTU"]
[SourceTitle "CBM 161 Extra"]
[Source "ChessBase"]
[SourceDate "2014.08.29"]
[SourceVersion "1"]
[SourceVersionDate "2014.08.29"]
[SourceQuality "1"]
[WhiteTeam "Scotland"]
[BlackTeam "Norway"]
[WhiteTeamCountry "SCO"]
[BlackTeamCountry "NOR"]

1. d4 Nf6 2. c4 g6 3. Nc3 d5 4. Nf3 Bg7 5. Qb3 c6 6. cxd5 Nxd5 7. e4 Nxc3 8. bxc3 0-0 9. Ba3 Nd7 10. Be2 Re8 11. 0-0 a5 12. Rad1 Qc7 13. e5 Nb6 14. c4 Bd7 15. Qe3 Be6 16. Nd2 Rad8 17. Rb1 Bf5 18. Rbc1 Qd7 19. Nf3 Nc8 20. Rfd1 Bg4 21. h3 Bxf3 22. Bxf3 Qc7 23. Bb2 e6 24. h4 h5 25. Be4 Qe7 26. g3 Kh7 27. Qf3 Kg8 28. Ba3 Qc7 29. Rb1 Rd7 30. Bc1 Red8 31. Be3 Bf8 32. Qf4 Bg7 33. Bf3 Nb6 34. d5 Bxe5 35. Bxb6 Bxf4 36. Bxc7 Bxc7 37. Rxb7 cxd5 38. cxd5 exd5 39. Rxd5 Rxd5 40. Bxd5 Rxd5 41. Rxc7 Rd2 42. a4 Rd4 43. Rc5 Rxa4 44. Kg2 Ra1 45. Kf3 a4 46. Ke2 a3 47. Ra5 a2 48. Kf3 Kg7 49. Ra6 Kf8 50. Ra7 Ke8 51. Kf4 f6 52. Kf3 Kd8 53. Ke2 Kc8 54. Ra3 Kb7 55. Rb3+ Kc6 56. Ra3 Kc5 57. Ra8 Kd4 58. Rd8+ Ke4 59. Re8+ Kf5 60. Ra8 Kg4 61. Ra4+ Kh3 62. Kf3 Kh2 63. Ke2 Kg2 64. g4 Rf1 0-1